Plymouth Argyle Trivia - Statistics

General Stats
  • This quiz has been taken 25 times
  • The average score is 8 of 16
Answer Stats
Question Answer % Correct
What is the name of Plymouth Argyle’s stadium? Home Park
100%
What is Plymouth Argyle’s nickname? The {Pilgrims}
100%
Who is the current captain of Plymouth Argyle? Joe Edwards
94%
Who are Plymouth Argyle’s record signings, arriving from Norwich City and Swansea City, respectively, for £1.15m in 2023? Bali Mumba
82%
With which club does Plymouth Argyle contest the Devon Derby? Exeter City
82%
Who are Plymouth Argyle’s record signings, arriving from Norwich City and Swansea City, respectively, for £1.15m in 2023? Morgan Whittaker
76%
Who is the current head coach of Plymouth Argyle? Tom Cleverley
65%
Which club did Plymouth Argyle face in the 2023 Papa John's Trophy Final, their only cup final to date? Bolton Wanderers
59%
Which Plymouth Argyle Manager guided the club to the 2001/02 Third Division title and the 2003/04 Second Division title? Paul Sturrock
29%
Who is the only player to appear at a FIFA World Cup whilst playing for Plymouth Argyle, representing New Zealand at the 2010 tournament in South Africa? Rory Fallon
29%
Which Scotsman is Plymouth Argyle’s recrd goalscorer with 184? Sammy Black
29%
Which Englishman is Plymouth Argyle’s record appearance-maker with 620? Kevin Hodges
24%
Who is Plymouth Argyle's longest-serving manager, taking charge of 1,093 games across two spells at the club? Bob Jack
18%
Who scored the winning goal as Plymouth Argyle beat Darlington 1-0 in the 1996 Third Division Play-Off Final? Ronnie Mauge
18%
Which Plymouth native scored 81 goals in 432 appearances for Plymouth Argyle and won promotion three times across his two spells at the club? Mickey Evans
12%
Who is Plymouth Argyle’s record sale, joining Hull City for £2.5m in 2008? Péter Halmosi
12%
No matching quizzes found
Score Distribution
Percent of People with Each Score
Percentile by Number Answered
Your Score History
You have not taken this quiz